| 000 | 00657nam a22001217a 4500 | ||
|---|---|---|---|
| 040 | _cRUA | ||
| 082 | _aAVM VAN 2025 B705 Or.1 | ||
| 100 | _aVANG SOKUNTHEA, វ៉ាង សុគន្ធា | ||
| 245 | _aCase of tick fever in canines at aveterinary clinic in boeung keng kang1 commune, boeung keng kang district, phnom penh. ករណីគ្រុនដង្កែលើសុនខនៅគ្លីនិកសត្វ ក្នុងសង្កាត់បឹងកេងកង១ ខណ្ឌបឹងកេងកង រាជធានីភ្នំពេញ | ||
| 260 |
_aPHNOM PENH _bRUA _c2025 |
||
| 300 |
_aix,35p. _bill. _c29cm. |
||
| 942 | _cAVM | ||
| 999 |
_c25814 _d25814 |
||